[Event "Pobeskydi 2026"]
[Site "Frydek-Mistek, Czech Republic"]
[Date "2026.04.05"]
[Round "8.7"]
[White "Kendall, Arthur"]
[Black "Skorupa, Tobias"]
[Result "1/2-1/2"]
[TimeControl "90 min+30s/move"]
[WhiteTitle "-"]
[BlackTitle "-"]
[WhiteFideId "343410960"]
[BlackFideId "23777494"]
[WhiteElo "2032"]
[BlackElo "1859"]

1. d4 {[%clk 01:30:43]} {[%emt 00:00:15]} Nf6 {[%clk 01:30:44]} {[%emt
00:00:16]} 2. Nf3 {[%clk 01:31:11]} {[%emt 00:00:03]} e6 {[%clk 01:30:57]}
{[%emt 00:00:16]} 3. e3 {[%clk 01:31:35]} {[%emt 00:00:05]} d5 {[%clk
01:30:44]} {[%emt 00:00:43]} 4. Bd3 {[%clk 01:32:00]} {[%emt 00:00:05]} Be7
{[%clk 01:30:02]} {[%emt 00:01:12]} 5. O-O {[%clk 01:32:23]} {[%emt 00:00:07]}
O-O {[%clk 01:30:15]} {[%emt 00:00:17]} 6. Nbd2 {[%clk 01:32:37]} {[%emt
00:00:16]} b6 {[%clk 01:29:21]} {[%emt 00:01:24]} 7. e4 {[%clk 01:31:09]}
{[%emt 00:01:59]} dxe4 {[%emt 00:00:40]} 8. Nxe4 {[%clk 01:31:32]} {[%emt
00:00:04]} Bb7 {[%clk 01:28:57]} {[%emt 00:00:47]} 9. Qe2 {[%clk 01:31:05]}
{[%emt 00:00:56]} Nbd7 {[%clk 01:27:14]} {[%emt 00:02:13]} 10. c4 {[%clk
01:24:28]} {[%emt 00:07:07]} c5 {[%clk 01:23:22]} {[%emt 00:04:22]} 11. dxc5
{[%clk 01:22:57]} {[%emt 00:02:01]} Nxe4 {[%clk 01:19:21]} {[%emt 00:04:31]} 12.
Bxe4 {[%clk 01:23:18]} {[%emt 00:00:09]} Bxe4 {[%clk 01:19:47]} {[%emt
00:00:04]} 13. Qxe4 {[%clk 01:23:32]} {[%emt 00:00:16]} Nxc5 {[%clk 01:20:07]}
{[%emt 00:00:10]} 14. Qe2 {[%clk 01:13:49]} {[%emt 00:10:12]} Qd3 {[%clk
01:18:17]} {[%emt 00:02:21]} 15. Qxd3 {[%clk 01:12:07]} {[%emt 00:02:12]} Nxd3
{[%clk 01:18:39]} {[%emt 00:00:08]} 16. Rd1 {[%clk 01:07:16]} {[%emt 00:05:20]}
Rfd8 {[%clk 01:18:50]} {[%emt 00:00:20]} 17. b3 {[%clk 01:07:17]} {[%emt
00:00:29]} Bf6 {[%clk 01:17:44]} {[%emt 00:01:37]} 18. Rb1 {[%clk 01:07:36]}
{[%emt 00:00:10]} Nb4 {[%clk 01:13:43]} {[%emt 00:04:32]} 19. Bg5 {[%clk
00:53:57]} {[%emt 00:14:07]} Bxg5 {[%clk 01:12:55]} {[%emt 00:01:19]} 20. Nxg5
{[%clk 00:54:23]} {[%emt 00:00:04]} Nxa2 {[%clk 01:13:11]} {[%emt 00:00:14]} 21.
g3 {[%clk 00:50:37]} {[%emt 00:04:17]} Nc3 {[%clk 01:04:19]} {[%emt 00:09:21]}
22. Rxd8+ {[%clk 00:51:03]} {[%emt 00:00:04]} Rxd8 {[%clk 01:04:48]} {[%emt
00:00:01]} 23. Ra1 {[%clk 00:51:21]} {[%emt 00:00:12]} h6 {[%clk 01:02:39]}
{[%emt 00:02:39]} 24. Nf3 {[%clk 00:49:05]} {[%emt 00:02:45]} a5 {[%clk
00:59:05]} {[%emt 00:04:06]} 25. Kf1 {[%clk 00:38:43]} {[%emt 00:10:51]} Rd3
{[%clk 00:55:11]} {[%emt 00:04:24]} 26. Ne5 {[%clk 00:34:25]} {[%emt 00:04:46]}
Rd2 {[%clk 00:54:55]} {[%emt 00:00:48]} 27. c5 {[%clk 00:31:43]} {[%emt
00:03:13]} Rd5 {[%clk 00:46:14]} {[%emt 00:09:11]} 28. cxb6 {[%clk 00:29:50]}
{[%emt 00:02:22]} Rxe5 {[%clk 00:41:46]} {[%emt 00:04:59]} 29. Rc1 {[%clk
00:29:08]} {[%emt 00:01:10]} Rb5 {[%clk 00:40:37]} {[%emt 00:01:41]} 30. Rxc3
{[%clk 00:29:33]} {[%emt 00:00:05]} Rxb6 {[%clk 00:40:58]} {[%emt 00:00:09]} 31.
Rc8+ {[%clk 00:28:59]} {[%emt 00:01:02]} Kh7 {[%clk 00:41:28]} {[%emt
00:00:02]} 32. Rc5 {[%clk 00:29:16]} {[%emt 00:00:12]} Rxb3 {[%clk 00:40:48]}
{[%emt 00:01:10]} 33. Rxa5 {[%clk 00:29:43]} {[%emt 00:00:03]} Kg6 {[%clk
00:37:59]} {[%emt 00:03:19]} 34. Kg2 {[%clk 00:29:14]} {[%emt 00:00:59]} Rd3
{[%clk 00:37:04]} {[%emt 00:01:26]} 35. Rb5 {[%clk 00:25:16]} {[%emt 00:04:27]}
Rd5 {[%clk 00:37:03]} {[%emt 00:00:32]} 36. Rb6 {[%clk 00:25:40]} {[%emt
00:00:06]} Kf5 {[%clk 00:36:04]} {[%emt 00:01:28]} 37. Rb7 {[%clk 00:25:52]}
{[%emt 00:00:18]} Kf6 {[%clk 00:36:29]} {[%emt 00:00:05]} 38. Rb6 {[%clk
00:26:15]} {[%emt 00:00:07]} Ra5 {[%clk 00:35:46]} {[%emt 00:01:14]} 39. Rc6
{[%clk 00:26:29]} {[%emt 00:00:12]} Ra7 {[%clk 00:35:23]} {[%emt 00:00:56]} 40.
Rc4 {[%clk 00:25:18]} {[%emt 00:01:40]} e5 {[%clk 00:34:04]} {[%emt 00:01:50]}
41. f4 {[%clk 00:23:32]} {[%emt 00:02:16]} Ra2+ {[%clk 00:31:43]} {[%emt
00:02:51]} 42. Kg1 {[%clk 00:23:34]} {[%emt 00:00:26]} exf4 {[%clk 00:29:18]}
{[%emt 00:02:57]} 43. Rxf4+ {[%clk 00:24:00]} {[%emt 00:00:03]} Kg6 {[%clk
00:29:39]} {[%emt 00:00:10]} 44. Rg4+ {[%clk 00:24:21]} {[%emt 00:00:09]} Kh7
{[%clk 00:29:52]} {[%emt 00:00:18]} 45. Rf4 {[%clk 00:24:36]} {[%emt 00:00:14]}
Kg8 {[%clk 00:29:51]} {[%emt 00:00:31]} 46. Rc4 {[%clk 00:24:51]} {[%emt
00:00:15]} g6 {[%clk 00:26:32]} {[%emt 00:03:50]} 47. Rb4 {[%clk 00:24:43]}
{[%emt 00:00:37]} Kg7 {[%clk 00:26:57]} {[%emt 00:00:06]} 48. Rb6 {[%clk
00:24:04]} {[%emt 00:01:08]} Re2 {[%clk 00:26:45]} {[%emt 00:00:42]} 49. Ra6
{[%clk 00:24:27]} {[%emt 00:00:07]} f5 {[%clk 00:25:11]} {[%emt 00:02:04]} 50.
Rb6 {[%clk 00:23:24]} {[%emt 00:01:32]} Kf7 {[%clk 00:25:28]} {[%emt 00:00:14]}
51. Ra6 {[%clk 00:23:36]} {[%emt 00:00:19]} Re6 {[%clk 00:25:39]} {[%emt
00:00:18]} 52. Ra2 {[%clk 00:24:04]} {[%emt 00:00:02]} Kf6 {[%clk 00:26:02]}
{[%emt 00:00:08]} 53. h4 {[%clk 00:21:44]} {[%emt 00:02:48]} Ke5 {[%clk
00:24:12]} {[%emt 00:02:21]} 54. Kg2 {[%clk 00:21:28]} {[%emt 00:00:45]} Rd6
{[%clk 00:23:52]} {[%emt 00:00:52]} 55. Re2+ {[%clk 00:21:42]} {[%emt
00:00:15]} Kf6 {[%clk 00:24:01]} {[%emt 00:00:20]} 56. Ra2 {[%clk 00:21:59]}
{[%emt 00:00:13]} h5 {[%clk 00:22:01]} {[%emt 00:02:31]} 57. Kf3 {[%clk
00:21:47]} {[%emt 00:00:40]} Re6 {[%clk 00:22:14]} {[%emt 00:00:19]} 58. Ra4
{[%clk 00:21:47]} {[%emt 00:00:30]} Rb6 {[%clk 00:21:38]} {[%emt 00:01:06]} 59.
Ra3 {[%clk 00:21:46]} {[%emt 00:00:30]} Rb4 {[%clk 00:21:44]} {[%emt 00:00:25]}
60. Ra5 {[%clk 00:21:49]} {[%emt 00:00:28]} Rg4 {[%clk 00:21:38]} {[%emt
00:00:35]} 61. Ra6+ {[%clk 00:21:31]} {[%emt 00:00:48]} Kg7 {[%clk 00:21:45]}
{[%emt 00:00:22]} 62. Ra7+ {[%clk 00:21:53]} {[%emt 00:00:09]} Kh6 {[%clk
00:22:11]} {[%emt 00:00:04]} 63. Ra6 {[%clk 00:21:47]} {[%emt 00:00:36]} Rb4
{[%clk 00:21:28]} {[%emt 00:01:13]} 64. Rc6 {[%clk 00:20:15]} {[%emt 00:02:02]}
Re4 {[%clk 00:20:57]} {[%emt 00:01:01]} 65. Ra6 {[%clk 00:20:23]} {[%emt
00:00:22]} Kg7 {[%clk 00:21:05]} {[%emt 00:00:22]} 66. Rb6 {[%clk 00:20:32]}
{[%emt 00:00:19]} Kf7 {[%clk 00:21:30]} {[%emt 00:00:07]} 67. Ra6 {[%clk
00:19:54]} {[%emt 00:01:06]} Re6 {[%clk 00:21:56]} {[%emt 00:00:06]} 68. Ra2
{[%clk 00:19:41]} {[%emt 00:00:35]} Kf6 {[%clk 00:22:21]} {[%emt 00:00:13]} 69.
Ra4 {[%clk 00:19:49]} {[%emt 00:00:21]} g5 {[%clk 00:22:42]} {[%emt 00:00:11]}
70. hxg5+ {[%clk 00:20:02]} {[%emt 00:00:16]} Kxg5 {[%clk 00:23:11]} {[%emt
00:00:02]} 71. Rb4 {[%clk 00:20:03]} {[%emt 00:00:28]} Re4 {[%emt 00:01:14]} 72.
Rb1 {[%clk 00:19:33]} {[%emt 00:00:37]} h4 {[%clk 00:22:37]} {[%emt 00:00:42]}
73. gxh4+ {[%clk 00:19:54]} {[%emt 00:00:09]} Rxh4 {[%clk 00:22:58]} {[%emt
00:00:09]} 74. Rg1+ {[%clk 00:19:59]} {[%emt 00:00:24]} Kf6 {[%clk 00:23:21]}
{[%emt 00:00:09]} 75. Rb1 {[%clk 00:20:19]} {[%emt 00:00:08]} Ra4 {[%clk
00:23:19]} {[%emt 00:00:34]} 76. Rc1 {[%clk 00:20:30]} {[%emt 00:00:20]} Rb4
{[%clk 00:23:07]} {[%emt 00:00:42]} 1/2-1/2

[Event "Pobeskydi 2026"]
[Site "Frydek-Mistek, Czech Republic"]
[Date "2026.04.05"]
[Round "8.8"]
[White "Sigut, Ondrej"]
[Black "Janovicek, Lukas"]
[Result "1/2-1/2"]
[TimeControl "90 min+30s/move"]
[WhiteTitle "-"]
[BlackTitle "-"]
[WhiteFideId "23712813"]
[BlackFideId "14975831"]
[WhiteElo "2016"]
[BlackElo "1846"]

1. e4 {[%clk 01:30:58]} {[%emt 00:00:03]} e6 {[%clk 01:30:48]} {[%emt
00:00:11]} 2. d3 {[%clk 01:31:24]} {[%emt 00:00:04]} d5 {[%clk 01:29:05]}
{[%emt 00:02:13]} 3. Nd2 {[%clk 01:31:43]} {[%emt 00:00:13]} c5 {[%clk
01:26:57]} {[%emt 00:02:36]} 4. Ngf3 {[%clk 01:32:03]} {[%emt 00:00:12]} Nc6
{[%clk 01:26:29]} {[%emt 00:00:56]} 5. g3 {[%clk 01:32:23]} {[%emt 00:00:09]}
Nf6 {[%clk 01:23:07]} {[%emt 00:03:52]} 6. Bg2 {[%clk 01:32:33]} {[%emt
00:00:21]} Bd6 {[%clk 01:21:30]} {[%emt 00:02:06]} 7. O-O {[%clk 01:32:31]}
{[%emt 00:00:32]} O-O {[%clk 01:21:22]} {[%emt 00:00:38]} 8. Re1 {[%clk
01:32:17]} {[%emt 00:00:44]} Bc7 {[%clk 01:18:01]} {[%emt 00:03:50]} 9. Qe2
{[%clk 01:26:28]} {[%emt 00:06:20]} Nd7 {[%clk 01:09:54]} {[%emt 00:08:37]} 10.
c3 {[%clk 01:23:30]} {[%emt 00:03:29]} Nb6 {[%clk 01:06:52]} {[%emt 00:03:30]}
11. e5 {[%clk 01:12:54]} {[%emt 00:11:07]} f6 {[%clk 00:53:00]} {[%emt
00:14:22]} 12. exf6 {[%clk 01:08:24]} {[%emt 00:05:00]} Qxf6 {[%clk 00:50:08]}
{[%emt 00:03:21]} 13. Nb3 {[%clk 01:06:02]} {[%emt 00:02:53]} Bd6 {[%clk
00:48:10]} {[%emt 00:02:28]} 14. d4 {[%clk 00:51:54]} {[%emt 00:14:38]} cxd4
{[%clk 00:35:45]} {[%emt 00:12:55]} 15. cxd4 {[%clk 00:50:44]} {[%emt
00:01:40]} Nc4 {[%clk 00:32:19]} {[%emt 00:03:55]} 16. a3 {[%clk 00:40:47]}
{[%emt 00:10:28]} Bd7 {[%clk 00:30:40]} {[%emt 00:02:08]} 17. Bg5 {[%clk
00:36:39]} {[%emt 00:04:39]} Qg6 {[%clk 00:29:10]} {[%emt 00:02:00]} 18. Be3
{[%clk 00:35:52]} {[%emt 00:01:17]} Rae8 {[%clk 00:25:11]} {[%emt 00:04:28]} 19.
Nh4 {[%clk 00:29:34]} {[%emt 00:06:49]} Qf6 {[%clk 00:24:49]} {[%emt 00:00:52]}
20. f4 {[%clk 00:28:57]} {[%emt 00:01:07]} N6a5 {[%clk 00:22:25]} {[%emt
00:02:54]} 21. Nxa5 {[%clk 00:28:15]} {[%emt 00:01:12]} Nxa5 {[%clk 00:22:37]}
{[%emt 00:00:19]} 22. Nf3 {[%clk 00:26:03]} {[%emt 00:02:42]} a6 {[%clk
00:21:55]} {[%emt 00:01:11]} 23. Bh3 {[%clk 00:20:59]} {[%emt 00:05:34]} h6
{[%clk 00:19:20]} {[%emt 00:03:05]} 24. Nh4 {[%clk 00:14:33]} {[%emt 00:06:57]}
Bb5 {[%clk 00:18:06]} {[%emt 00:01:43]} 25. Qc2 {[%clk 00:11:43]} {[%emt
00:03:20]} Rc8 {[%clk 00:17:29]} {[%emt 00:01:07]} 26. Qg6 {[%clk 00:11:15]}
{[%emt 00:00:58]} Rce8 {[%clk 00:11:45]} {[%emt 00:06:14]} 27. Bd2 {[%clk
00:09:25]} {[%emt 00:02:21]} Qxd4+ {[%clk 00:11:26]} {[%emt 00:00:48]} 28. Be3
{[%clk 00:07:39]} {[%emt 00:02:16]} Qf6 {[%clk 00:11:08]} {[%emt 00:00:47]} 29.
Bb6 {[%clk 00:04:25]} {[%emt 00:03:45]} Qxg6 {[%clk 00:10:07]} {[%emt
00:01:31]} 30. Nxg6 {[%clk 00:04:51]} {[%emt 00:00:04]} Rf6 {[%clk 00:10:19]}
{[%emt 00:00:19]} 31. Bxa5 {[%clk 00:04:37]} {[%emt 00:00:44]} Rxg6 {[%clk
00:10:37]} {[%emt 00:00:11]} 32. Kh1 {[%clk 00:03:34]} {[%emt 00:01:33]} Bc6
{[%clk 00:08:01]} {[%emt 00:03:06]} 33. Bg2 {[%clk 00:03:49]} {[%emt 00:00:15]}
Rf6 {[%clk 00:07:56]} {[%emt 00:00:35]} 34. Bc3 {[%clk 00:03:36]} {[%emt
00:00:44]} Rf7 {[%clk 00:08:03]} {[%emt 00:00:22]} 35. h4 {[%clk 00:02:36]}
{[%emt 00:01:30]} Rfe7 {[%clk 00:07:51]} {[%emt 00:00:42]} 36. Rad1 {[%clk
00:02:14]} {[%emt 00:00:52]} Kf7 {[%clk 00:07:25]} {[%emt 00:00:56]} 37. Kh2
{[%clk 00:02:31]} {[%emt 00:00:13]} Bc5 {[%clk 00:06:51]} {[%emt 00:01:03]} 38.
Re5 {[%clk 00:02:04]} {[%emt 00:00:58]} Bd6 {[%clk 00:05:15]} {[%emt 00:02:06]}
39. Ree1 {[%clk 00:02:18]} {[%emt 00:00:16]} Rd8 {[%clk 00:05:09]} {[%emt
00:00:36]} 40. Bd4 {[%clk 00:02:36]} {[%emt 00:00:12]} Bc7 {[%clk 00:04:45]}
{[%emt 00:00:53]} 41. Bc5 {[%clk 00:02:17]} {[%emt 00:00:50]} Ree8 {[%clk
00:04:53]} {[%emt 00:00:22]} 42. Bd4 {[%clk 00:02:32]} {[%emt 00:00:16]} Ba5
{[%clk 00:04:33]} {[%emt 00:00:48]} 43. Re3 {[%clk 00:02:47]} {[%emt 00:00:15]}
Rc8 {[%clk 00:04:10]} {[%emt 00:00:52]} 44. b4 {[%clk 00:02:16]} {[%emt
00:01:02]} Bd8 {[%clk 00:04:04]} {[%emt 00:00:36]} 45. Rd2 {[%clk 00:01:45]}
{[%emt 00:01:02]} Bb5 {[%clk 00:03:53]} {[%emt 00:00:41]} 46. f5 {[%clk
00:01:27]} {[%emt 00:00:49]} Bd7 {[%clk 00:00:41]} {[%emt 00:03:41]} 47. fxe6+
{[%clk 00:01:33]} {[%emt 00:00:24]} Bxe6 {[%clk 00:01:00]} {[%emt 00:00:11]} 48.
Rde2 {[%clk 00:00:41]} {[%emt 00:01:22]} Rc6 {[%clk 00:00:41]} {[%emt
00:00:49]} 49. Bxd5 {[%clk 00:00:49]} {[%emt 00:00:22]} Rd6 {[%clk 00:00:56]}
{[%emt 00:00:15]} 50. Rxe6 {[%clk 00:00:42]} {[%emt 00:00:37]} Rexe6 {[%clk
00:01:15]} {[%emt 00:00:11]} 51. Bxe6+ {[%clk 00:00:53]} {[%emt 00:00:19]} Rxe6
{[%clk 00:01:40]} {[%emt 00:00:05]} 52. Rxe6 {[%clk 00:01:19]} {[%emt
00:00:04]} Kxe6 {[%clk 00:02:02]} {[%emt 00:00:07]} 53. Bxg7 {[%clk 00:01:42]}
{[%emt 00:00:08]} h5 {[%clk 00:02:16]} {[%emt 00:00:16]} 54. Kg2 {[%clk
00:01:49]} {[%emt 00:00:23]} Kf5 {[%clk 00:02:36]} {[%emt 00:00:10]} 55. Kf3
{[%clk 00:02:02]} {[%emt 00:00:17]} Be7 {[%clk 00:02:36]} {[%emt 00:00:30]} 56.
Bd4 {[%clk 00:02:01]} {[%emt 00:00:31]} Bd6 {[%clk 00:02:28]} {[%emt 00:00:37]}
57. Bc5 {[%clk 00:02:01]} {[%emt 00:00:31]} Be5 {[%clk 00:02:37]} {[%emt
00:00:21]} 58. a4 {[%clk 00:01:21]} {[%emt 00:01:10]} Bc7 {[%clk 00:02:40]}
{[%emt 00:00:25]} 59. b5 {[%clk 00:01:20]} {[%emt 00:00:33]} axb5 {[%clk
00:02:52]} {[%emt 00:00:18]} 60. axb5 {[%emt 00:00:04]} Be5 {[%clk 00:03:10]}
{[%emt 00:00:11]} 61. Be7 {[%clk 00:01:13]} {[%emt 00:01:05]} Bc7 {[%clk
00:03:11]} {[%emt 00:00:27]} 62. Bg5 {[%clk 00:01:26]} {[%emt 00:00:17]} Be5
{[%clk 00:02:35]} {[%emt 00:01:06]} 63. Bd8 {[%clk 00:01:36]} {[%emt 00:00:21]}
Bd4 {[%clk 00:02:46]} {[%emt 00:00:17]} 64. Bc7 {[%clk 00:01:29]} {[%emt
00:00:38]} 1/2-1/2

[Event "Pobeskydi 2026"]
[Site "Frydek-Mistek, Czech Republic"]
[Date "2026.04.05"]
[Round "8.9"]
[White "Haasova, Timea"]
[Black "Plechacek, Matej"]
[Result "1-0"]
[TimeControl "90 min+30s/move"]
[WhiteTitle "-"]
[BlackTitle "-"]
[WhiteFideId "14960109"]
[BlackFideId "23763523"]
[WhiteElo "2012"]
[BlackElo "1801"]

1. e4 {[%clk 01:30:57]} {[%emt 00:00:03]} c5 {[%clk 01:30:59]} 2. Nf3 {[%clk
01:31:12]} {[%emt 00:00:15]} Nc6 {[%clk 01:31:26]} {[%emt 00:00:03]} 3. d4
{[%clk 01:31:37]} {[%emt 00:00:05]} cxd4 {[%clk 01:31:53]} {[%emt 00:00:05]} 4.
Nxd4 {[%clk 01:32:01]} {[%emt 00:00:04]} e6 {[%clk 01:32:19]} {[%emt 00:00:04]}
5. Nc3 {[%clk 01:32:16]} {[%emt 00:00:15]} Nf6 {[%clk 01:32:13]} {[%emt
00:00:36]} 6. Ndb5 {[%clk 01:30:45]} {[%emt 00:02:01]} Bb4 {[%clk 01:32:31]}
{[%emt 00:00:11]} 7. a3 {[%clk 01:29:51]} {[%emt 00:01:25]} Bxc3+ {[%clk
01:32:53]} {[%emt 00:00:08]} 8. Nxc3 {[%clk 01:30:13]} {[%emt 00:00:10]} a6
{[%clk 01:32:24]} {[%emt 00:00:57]} 9. Qd6 {[%clk 01:24:28]} {[%emt 00:06:14]}
Qe7 {[%clk 01:32:10]} {[%emt 00:00:45]} 10. Bf4 {[%clk 01:23:28]} {[%emt
00:01:29]} e5 {[%clk 01:32:27]} {[%emt 00:00:14]} 11. Qxe7+ {[%clk 01:23:02]}
{[%emt 00:00:56]} Kxe7 {[%clk 01:32:55]} {[%emt 00:00:02]} 12. Bg5 {[%clk
01:22:56]} {[%emt 00:00:36]} Kf8 {[%clk 01:30:08]} {[%emt 00:03:18]} 13. Bxf6
{[%clk 01:11:13]} {[%emt 00:12:13]} gxf6 {[%clk 01:30:36]} {[%emt 00:00:02]} 14.
Nd5 {[%clk 01:10:13]} {[%emt 00:01:30]} Kg7 {[%clk 01:31:01]} {[%emt 00:00:05]}
15. Nb6 {[%clk 01:08:47]} {[%emt 00:01:56]} Rb8 {[%clk 01:31:20]} {[%emt
00:00:10]} 16. O-O-O {[%clk 01:08:11]} {[%emt 00:01:07]} Rd8 {[%clk 01:31:38]}
{[%emt 00:00:12]} 17. Rd6 {[%clk 01:06:21]} {[%emt 00:02:19]} Nd4 {[%clk
01:30:03]} {[%emt 00:02:07]} 18. Bc4 {[%clk 01:05:21]} {[%emt 00:01:29]} Ne6
{[%clk 01:27:21]} {[%emt 00:03:12]} 19. Bxe6 {[%clk 01:03:06]} {[%emt
00:02:45]} fxe6 {[%clk 01:27:44]} {[%emt 00:00:07]} 20. Rhd1 {[%clk 01:03:20]}
{[%emt 00:00:16]} Kf7 {[%clk 01:26:53]} {[%emt 00:01:21]} 21. Nxc8 {[%clk
01:03:21]} {[%emt 00:00:29]} Rdxc8 {[%clk 01:27:00]} {[%emt 00:00:24]} 22.
Rxd7+ {[%clk 01:03:26]} {[%emt 00:00:24]} Kg6 {[%clk 01:27:24]} {[%emt
00:00:07]} 23. Re7 {[%clk 01:01:41]} {[%emt 00:02:14]} Rd8 {[%clk 01:27:04]}
{[%emt 00:00:50]} 24. Rxd8 {[%clk 00:59:45]} {[%emt 00:02:27]} Rxd8 {[%clk
01:27:29]} {[%emt 00:00:05]} 25. Rxb7 {[%clk 00:59:00]} {[%emt 00:01:14]} Rd4
{[%clk 01:27:02]} {[%emt 00:00:57]} 26. f3 {[%clk 00:58:43]} {[%emt 00:00:47]}
Kg5 {[%clk 01:27:27]} {[%emt 00:00:05]} 27. g3 {[%clk 00:57:57]} {[%emt
00:01:16]} 1-0

[Event "Pobeskydi 2026"]
[Site "Frydek-Mistek, Czech Republic"]
[Date "2026.04.05"]
[Round "8.10"]
[White "Lee, Yuk Hei"]
[Black "Dobsa, Emma"]
[Result "0-1"]
[TimeControl "90 min+30s/move"]
[WhiteTitle "-"]
[BlackTitle "-"]
[WhiteFideId "343411061"]
[BlackFideId "23709391"]
[WhiteElo "1960"]
[BlackElo "1921"]

1. d4 {[%clk 01:30:58]} {[%emt 02:25:18]} d5 {[%clk 01:30:58]} 2. c4 {[%clk
01:31:21]} {[%emt 00:00:10]} c6 {[%clk 01:31:17]} 3. Nf3 {[%clk 01:31:45]}
{[%emt 00:00:17]} Nf6 {[%clk 01:31:42]} 4. Nc3 {[%clk 01:32:12]} {[%emt
00:00:08]} dxc4 {[%clk 01:32:06]} 5. a4 {[%clk 01:32:35]} {[%emt 00:00:12]} Bf5
{[%clk 01:32:06]} 6. Ne5 {[%clk 01:33:01]} {[%emt 00:00:35]} Nbd7 {[%clk
01:32:25]} 7. Nxc4 {[%clk 01:33:21]} {[%emt 00:00:20]} Qc7 {[%clk 01:32:51]} 8.
f3 {[%clk 01:33:05]} {[%emt 00:00:50]} e5 {[%clk 01:30:45]} 9. e4 {[%clk
01:28:52]} {[%emt 00:07:19]} exd4 {[%clk 01:24:11]} 10. Ne2 {[%clk 01:23:09]}
{[%emt 00:13:17]} d3 {[%clk 01:11:53]} 11. Qxd3 {[%clk 01:22:42]} {[%emt
00:13:45]} Nc5 {[%clk 01:11:44]} 12. Qc2 {[%clk 01:21:07]} {[%emt 00:02:44]}
O-O-O {[%clk 01:09:55]} 13. Bf4 {[%clk 01:10:52]} {[%emt 00:13:05]} Qe7 {[%clk
00:53:14]} 14. Rd1 {[%clk 00:37:30]} {[%emt 00:51:03]} Nfxe4 {[%clk 00:38:18]}
15. fxe4 {[%clk 00:34:25]} {[%emt 00:19:00]} Bxe4 {[%clk 00:37:14]} 16. Nd6+
{[%clk 00:31:18]} {[%emt 00:05:11]} Qxd6 {[%clk 00:34:42]} 17. Rxd6 {[%clk
00:29:57]} {[%emt 00:04:54]} Bxc2 {[%clk 00:33:51]} 18. Rxd8+ {[%clk 00:30:00]}
{[%emt 00:01:47]} Kxd8 {[%clk 00:34:20]} 19. a5 {[%clk 00:30:16]} {[%emt
00:00:15]} Ne4 {[%clk 00:32:37]} 20. Nd4 {[%clk 00:29:44]} {[%emt 00:03:15]}
Bb4+ {[%clk 00:32:12]} 21. Ke2 {[%clk 00:30:03]} {[%emt 00:01:06]} Bd1+ {[%clk
00:30:26]} 22. Kxd1 {[%clk 00:25:50]} {[%emt 00:06:59]} Nf2+ {[%clk 00:30:55]}
23. Ke2 {[%clk 00:26:12]} {[%emt 00:00:09]} Nxh1 {[%clk 00:31:17]} 24. g3
{[%clk 00:26:20]} {[%emt 00:00:30]} Re8+ {[%clk 00:30:34]} {[%emt 00:01:13]} 25.
Be3 {[%clk 00:25:34]} {[%emt 00:01:16]} Bxa5 {[%clk 00:28:26]} {[%emt
00:02:38]} 26. Bg2 {[%clk 00:25:55]} {[%emt 00:00:09]} Nxg3+ {[%clk 00:28:29]}
{[%emt 00:00:27]} 27. hxg3 {[%clk 00:26:19]} {[%emt 00:00:07]} Bc7 {[%clk
00:28:45]} {[%emt 00:00:13]} 28. g4 {[%clk 00:25:47]} {[%emt 00:01:01]} Bf4
{[%clk 00:24:48]} {[%emt 00:04:28]} 29. Nc2 {[%clk 00:25:05]} {[%emt 00:01:13]}
Re5 {[%clk 00:23:36]} {[%emt 00:01:42]} 30. Kd3 {[%clk 00:25:11]} {[%emt
00:00:24]} Bxe3 {[%clk 00:23:41]} {[%emt 00:00:25]} 31. Nxe3 {[%clk 00:25:35]}
{[%emt 00:00:05]} h5 {[%clk 00:23:29]} {[%emt 00:00:42]} 32. Bf3 {[%clk
00:25:50]} {[%emt 00:00:15]} hxg4 {[%clk 00:23:08]} {[%emt 00:00:51]} 33. Nxg4
{[%clk 00:26:09]} {[%emt 00:00:11]} Rb5 {[%clk 00:23:27]} {[%emt 00:00:10]} 34.
Kc3 {[%clk 00:26:35]} {[%emt 00:00:05]} f5 {[%clk 00:22:58]} {[%emt 00:00:59]}
35. Ne3 {[%clk 00:26:57]} {[%emt 00:00:08]} g5 {[%clk 00:22:12]} {[%emt
00:01:17]} 36. Be2 {[%clk 00:27:09]} {[%emt 00:00:18]} Re5 {[%clk 00:22:25]}
{[%emt 00:00:16]} 37. Kd4 {[%clk 00:26:58]} {[%emt 00:00:42]} Re7 {[%clk
00:22:08]} {[%emt 00:00:46]} 38. Kd3 {[%clk 00:25:44]} {[%emt 00:01:45]} Rf7
{[%clk 00:20:38]} {[%emt 00:02:00]} 39. Nc4 {[%clk 00:24:16]} {[%emt 00:01:57]}
Ke7 {[%clk 00:18:58]} {[%emt 00:02:10]} 40. Kd4 {[%clk 00:24:14]} {[%emt
00:00:32]} Kf6 {[%clk 00:18:27]} {[%emt 00:01:01]} 41. Ke3 {[%clk 00:22:51]}
{[%emt 00:01:53]} Re7+ {[%clk 00:18:33]} {[%emt 00:00:24]} 42. Kf2 {[%clk
00:22:49]} {[%emt 00:00:32]} g4 {[%clk 00:18:53]} {[%emt 00:00:10]} 43. Bd1
{[%clk 00:22:46]} {[%emt 00:00:34]} Kg5 {[%clk 00:18:54]} {[%emt 00:00:29]} 44.
Ne3 {[%clk 00:23:00]} {[%emt 00:00:16]} Rd7 {[%clk 00:18:09]} {[%emt 00:01:15]}
45. Be2 {[%clk 00:22:25]} {[%emt 00:01:04]} Rd2 {[%clk 00:18:23]} {[%emt
00:00:15]} 46. Nc4 {[%clk 00:21:24]} {[%emt 00:01:32]} Rc2 {[%clk 00:17:56]}
{[%emt 00:00:57]} 47. b4 {[%clk 00:21:40]} {[%emt 00:00:15]} f4 {[%clk
00:17:55]} {[%emt 00:00:30]} 48. Kf1 {[%clk 00:20:45]} {[%emt 00:01:26]} f3
{[%clk 00:18:06]} {[%emt 00:00:18]} 49. Bd3 {[%clk 00:21:10]} {[%emt 00:00:05]}
Rc1+ {[%clk 00:18:28]} {[%emt 00:00:08]} 50. Kf2 {[%clk 00:21:33]} {[%emt
00:00:07]} Kf4 {[%clk 00:18:51]} {[%emt 00:00:07]} 0-1